000
00234nam a22001097a 4500
040
_c
SP
082
_a
382
100
_a
CHAY KONGKRUY
245
_a
Agricultural trade liberalization
260
_a
Phnom Penh
_b
CHA
_c
2012
942
_c
EK
999
_c
8561
_d
8561